MESTSKÁ KNIŽNICA GIRALTOVCE  - online katalóg 

Normal view MARC view

Entry Topical Term

Number of records used in: 1

001 - CONTROL NUMBER

  • control field: 3290

003 - CONTROL NUMBER IDENTIFIER

  • control field: OSt

005 - DATE AND TIME OF LATEST TRANSACTION

  • control field: 20220823091949.0

008 - FIXED-LENGTH DATA ELEMENTS

  • fixed length control field: 220823|| aca||aabn | a|a d

040 ## - CATALOGING SOURCE

  • Original cataloging agency: OSt
  • Transcribing agency: OSt

150 ## - HEADING--TOPICAL TERM

  • Topical term or geographic name entry element: galérie
  • Geographic subdivision: Československo.

670 ## - SOURCE DATA FOUND

  • Source citation: Work cat.: (OSt)0: Kotalík, Jiří T., 1951-2020, 3289, Národná galéria v Prahe 1, 1987

Powered by Koha